000 01002nam a22002777a 4500
001 826
005 20230711081847.0
008 230711b cb ||||| |||| 00| 0 eng d
020 _a9780811870153 (alk. paper)
040 _aDLC
_cDLC
_dDLC
_beng
050 0 0 _aPZ7.C3198
_bTor 2010
082 0 0 _a813.6
_222
100 1 _aCervantes, J. C.
_q(Jennifer C.)
245 1 0 _aTortilla sun /
_cby Jennifer Cervantes.
260 _aNew York :
_bScholastic,
_c2010.
300 _a224 pages ;
_c19 cm.
505 _aO
520 _aWhile spending a magical summer in New Mexico with her grandmother, twelve-year-old Izzy makes new friends, learns to cook, and for the first time hears stories about her father, who died before she was born.
521 _a620
_bLexile
521 _aO
_bRaz-Plus
650 1 _aFathers and daughters
_vFiction.
650 1 _aGrandmothers
_vFiction.
650 1 _aMexican Americans
_vFiction.
906 _a7
_bcbc
_corignew
_d1
_eecip
_f20
_gy-gencatlg
942 _2ddc
_cBK
_n0
999 _c826
_d826